00386pab a2200145 454500008004000000100002200040245004000062260000900102300001300111362001000124650003200134650002800166650001200194773003400206180718b2012 xxu||||| |||| 00| 0 eng d aBhadrakumar, M.K. aImperialism for a cash-strapped era c2012 ap.32-36. a4 Feb aImperialism - United States aDefence - United States aDefence aEconomic and Political Weekly